Witcher 3 - Statistics

General Stats
  • This quiz has been taken 1,006 times
  • The average score is 47 of 60
Answer Stats
Question Tile Select % Correct
Witchers from the school of the wolf Shani No
100%
Witchers from the school of the wolf Caranthir No
99%
Witchers from the school of the wolf Triss No
99%
Witchers from the school of the wolf Vernon Roche No
99%
Witchers from the school of the wolf Geralt Yes
98%
Witchers from the school of the wolf Raven No
98%
Witchers from the school of the wolf Jad Karadin No
97%
Witchers from the school of the wolf Lambert Yes
97%
Witchers from the school of the wolf Vesemir Yes
97%
Witchers from the school of the wolf Eskel Yes
95%
Witchers from the school of the wolf Letho No
95%
Witchers from the school of the wolf Aiden No
91%
Monsters present in the Witcher 3 Centaur No
91%
Characters living on Skellige Dudu No
91%
Characters living on Skellige Vimme Vivaldi No
91%
Towns in Witcher 3 Novalja No
90%
Towns in Witcher 3 Novigrad Yes
90%
Towns in Witcher 3 Opole No
90%
Monsters present in the Witcher 3 Torkoal No
90%
Characters living on Skellige Bedlam No
89%
Characters living on Skellige Skjall Yes
89%
Towns in Witcher 3 Gardur No
88%
Monsters present in the Witcher 3 Wyvern Yes
88%
Monsters present in the Witcher 3 Woodworm No
87%
Gwent Hero cards Botchling No
85%
Characters living on Skellige Graham No
85%
Towns in Witcher 3 Hemmental No
85%
Characters living on Skellige Uma No
85%
Monsters present in the Witcher 3 Succubus Yes
84%
Towns in Witcher 3 Vännersborg No
84%
Towns in Witcher 3 La Rochelle No
83%
Towns in Witcher 3 Malbork No
82%
Gwent Hero cards Red Barron No
82%
Characters living on Skellige Cerys Yes
81%
Gwent Hero cards Ida Emean No
79%
Gwent Hero cards Triss Merigold Yes
79%
Characters living on Skellige Lugos Yes
78%
Monsters present in the Witcher 3 Water hag Yes
78%
Monsters present in the Witcher 3 Katakan Yes
77%
Monsters present in the Witcher 3 Unicorn No
75%
Characters living on Skellige Birna Bran Yes
74%
Characters living on Skellige Svanrige Yes
73%
Gwent Hero cards Thaler No
73%
Towns in Witcher 3 Crow's Perch Yes
72%
Monsters present in the Witcher 3 Noonwraith Yes
72%
Characters living on Skellige Eric van Vrog No
70%
Monsters present in the Witcher 3 Mermaid No
69%
Gwent Hero cards Letho of Gulet Yes
67%
Gwent Hero cards Zoltan Chivay No
64%
Gwent Hero cards Emiel Regis Rohellec Terzieff No
63%
Monsters present in the Witcher 3 Hym Yes
63%
Gwent Hero cards Morvran Voorhis Yes
61%
Gwent Hero cards Vesemir No
61%
Towns in Witcher 3 Tir ná Lia Yes
52%
Characters living on Skellige Mousesack Yes
49%
Monsters present in the Witcher 3 Dog Yes
46%
Gwent Hero cards Leshen Yes
46%
Gwent Hero cards Eithné Yes
43%
Towns in Witcher 3 Rannvaig Yes
35%
Towns in Witcher 3 Frischlow Yes
17%
No matching quizzes found
Score Distribution
Percent of People with Each Score
Percentile by Number Answered
Your Score History
You have not taken this quiz